Španielčina 1

Gespeichert in:
Bibliographische Detailangaben
1. Verfasser: Lenghardtová, Jana
Format: Buch
Sprache:Spanisch
Veröffentlicht: Bratislava Slovenské pedagogické nakladateľstvo 2004
Ausgabe:4. spoločné vyd.
Schlagworte:
Tags: Tag hinzufügen
Keine Tags, Fügen Sie das erste Tag hinzu!

MARC

LEADER 00000nam$a2200000$$$4500
001 0019753
005 20240502071409.3
020 |a 80-10-00655-6 
041 0 |a spa 
044 |a SK 
245 1 0 |a Španielčina 1  |c Jana Lenghardtová 
250 |a 4. spoločné vyd. 
264 1 |a Bratislava  |b Slovenské pedagogické nakladateľstvo  |c 2004 
300 |a 224, 224 s. 
610 2 0 |a jazykoveda 
610 2 0 |a jazyky cudzie 
610 2 0 |a španielčina 
610 2 0 |a terminológia 
100 1 |a Lenghardtová, Jana